Povinné registračné pokladnice Druhy, funkcie, inštalácia, prevádzka, servis, evidencia tržieb
Salvato in:
| Autore principale: | |
|---|---|
| Natura: | Libro |
| Lingua: | slovacco |
| Pubblicazione: |
Bratislava
Epos
1994
|
| Edizione: | 1. vyd. |
| Soggetti: | |
| Tags: |
Nessun Tag, puoi essere il primo ad aggiungerne!!
|
MARC
| LEADER | 00000nam a2200000 4500 | ||
|---|---|---|---|
| 001 | c005651 | ||
| 005 | 20221128073621.2 | ||
| 020 | |a 80-85703-73-4 | ||
| 041 | 0 | |a slo | |
| 044 | |a SK | ||
| 245 | 1 | 0 | |a Povinné registračné pokladnice |b Druhy, funkcie, inštalácia, prevádzka, servis, evidencia tržieb |c František Oravec a kol. |
| 250 | |a 1. vyd. | ||
| 264 | 1 | |a Bratislava |b Epos |c 1994 | |
| 300 | |a 160 s. | ||
| 610 | 2 | 0 | |a elektronika |
| 610 | 2 | 0 | |a pokladnice kontrolné |
| 610 | 2 | 0 | |a maloobchod |
| 610 | 2 | 0 | |a kontrola finančná |
| 610 | 2 | 0 | |a systémy informačné |
| 610 | 2 | 0 | |a programovanie |
| 610 | 2 | 0 | |a kódy |
| 610 | 2 | 0 | |a tržby |
| 610 | 2 | 0 | |a servis |
| 610 | 2 | 0 | |a normy |
| 610 | 2 | 0 | |a vyhlášky |
| 610 | 2 | 0 | |a obrat maloobchodný |
| 100 | 1 | |a Oravec, František | |